Global and Regional Security. A Return to Military Strength (?)

Význam vojenského mocenského potenciálu pri vytváraní moderných medzinárodných vzťahov. Perspektíva štátov i medzinárodná perspektíva organizácie a vojenská sila ako hlavná zložka definujúca stav a operačnú schopnosť štátov a medzinárodných organizácií v krízovej situácii.

Salvato in:
Dettagli Bibliografici
Autore principale: Gizicki, Wojciech
Natura: Capitolo di libro
Lingua:inglese
Soggetti:
Tags: Aggiungi Tag
Nessun Tag, puoi essere il primo ad aggiungerne!!

MARC

LEADER 00000naa a2200000 4500
001 0268751
005 20200928122005.3
041 0 |a eng 
044 |a SK 
245 1 0 |a Global and Regional Security. A Return to Military Strength (?)  |c Wojciech Gizicki 
520 |a Význam vojenského mocenského potenciálu pri vytváraní moderných medzinárodných vzťahov. Perspektíva štátov i medzinárodná perspektíva organizácie a vojenská sila ako hlavná zložka definujúca stav a operačnú schopnosť štátov a medzinárodných organizácií v krízovej situácii. 
610 2 0 |a bezpečnosť medzinárodná 
610 2 0 |a bezpečnosť národná 
610 2 0 |a sily ozbrojené 
610 2 0 |a vojenstvo 
100 1 |a Gizicki, Wojciech